[Event "Rewal op-B 12th"]
[Site "Rewal"]
[Date "2007.08.29"]
[Round "9"]
[White "Chmielinska, Alicja"]
[Black "Ziebinski, Bartosz"]
[Result "0-1"]
[WhiteElo "2073"]
[BlackElo "1853"]
[PlyCount "75"]
[EventDate "2007.08.23"]
[EventType "swiss"]
[EventRounds "9"]
[EventCountry "POL"]
[SourceTitle "CBM 120 Extra"]
[Source "ChessBase"]
[SourceDate "2007.11.01"]
[SourceVersion "1"]
[SourceVersionDate "2007.11.01"]
[SourceQuality "1"]

1. e4 c5 2. Nc3 Nc6 3. f4 d6 4. Nf3 g6 5. Bc4 Bg7 6. 0-0 e6 7. d3 Nge7 8. Qe1 0-0 9. f5 exf5 10. Qh4 h5 11. Bg5 Qc7 12. Bf6 Be6 13. Nd5 Bxd5 14. exd5 Bxf6 15. Qxf6 Nb4 16. c3 Nbxd5 17. Qg5 Kh7 18. Nh4 f6 19. Qg3 f4 20. Qf3 Ne3 21. Qxf4 Nxf1 22. Rxf1 Qd7 23. Re1 d5 24. Bb5 Nc6 25. Qg3 Rg8 26. h3 Rae8 27. d4 Rxe1+ 28. Qxe1 cxd4 29. cxd4 Qe7 30. Qf2 f5 31. Nf3 a6 32. Bd3 Re8 33. Qc2 Qe3+ 34. Kh2 Nb4 35. Qc7+ Re7 36. Qd6 Nxd3 37. Ne5 Nxe5 38. Qxe7+ 0-1

[Event "Rewal op-B 12th"]
[Site "Rewal"]
[Date "2007.08.23"]
[Round "1"]
[White "Chmielinska, Alicja"]
[Black "Leks, Maria"]
[Result "1/2-1/2"]
[WhiteElo "2073"]
[BlackElo "1749"]
[PlyCount "47"]
[EventDate "2007.08.23"]
[EventType "swiss"]
[EventRounds "9"]
[EventCountry "POL"]
[SourceTitle "CBM 120 Extra"]
[Source "ChessBase"]
[SourceDate "2007.11.01"]
[SourceVersion "1"]
[SourceVersionDate "2007.11.01"]
[SourceQuality "1"]

1. e4 d5 2. exd5 Qxd5 3. d4 e5 4. dxe5 Qxe5+ 5. Qe2 Qxe2+ 6. Bxe2 Bf5 7. c3 Nf6 8. Bf4 c6 9. Nf3 Nd5 10. Bg3 Nd7 11. Nbd2 Bc5 12. Nb3 Be7 13. Nbd4 Bg6 14. 0-0 N7f6 15. Nh4 Ne4 16. Rfe1 Nxg3 17. hxg3 0-0 18. Nxg6 hxg6 19. Bc4 Bf6 20. Bxd5 cxd5 21. Rad1 Rfe8 22. Rxe8+ Rxe8 23. Kf1 Rd8 24. f4 1/2-1/2

[Event "POL-chT 60th 1st League"]
[Site "Ustron"]
[Date "2004.09.11"]
[Round "8"]
[White "Pazdziora, Michal"]
[Black "Chmielinska, Alicja"]
[Result "0-1"]
[WhiteElo "2045"]
[BlackElo "2072"]
[PlyCount "40"]
[EventDate "2004.09.04"]
[EventType "team-tourn"]
[EventRounds "9"]
[EventCountry "POL"]
[SourceTitle "EXT 2007"]
[Source "ChessBase"]
[SourceDate "2006.11.23"]
[SourceVersion "1"]
[SourceVersionDate "2006.11.23"]
[SourceQuality "1"]
[WhiteTeam "Dankowice Pasjonat"]
[BlackTeam "Rybnik MKSz"]
[WhiteTeamCountry "POL"]
[BlackTeamCountry "POL"]

1. d4 f5 2. c4 g6 3. g3 Bg7 4. Bg2 Nf6 5. Nh3 0-0 6. Nc3 Nc6 7. d5 Ne5 8. b3 d6 9. Nf4 c6 10. 0-0 Bd7 11. h4 Re8 12. Qc2 e6 13. dxe6 Bxe6 14. Ba3 Qc7 15. Rad1 Rad8 16. e4 fxe4 17. Nxe6 Rxe6 18. Nxe4 Nxe4 19. Bxe4 Rde8 20. Bg2 Qe7 0-1

[Event "POL-chT 60th 1st League"]
[Site "Ustron"]
[Date "2004.09.10"]
[Round "7"]
[White "Chmielinska, Alicja"]
[Black "Surman, Martin"]
[Result "1/2-1/2"]
[WhiteElo "2072"]
[BlackElo "1995"]
[PlyCount "73"]
[EventDate "2004.09.04"]
[EventType "team-tourn"]
[EventRounds "9"]
[EventCountry "POL"]
[SourceTitle "EXT 2007"]
[Source "ChessBase"]
[SourceDate "2006.11.23"]
[SourceVersion "1"]
[SourceVersionDate "2006.11.23"]
[SourceQuality "1"]
[WhiteTeam "Rybnik MKSz"]
[BlackTeam "Katowice Start"]
[WhiteTeamCountry "POL"]
[BlackTeamCountry "POL"]

1. e4 c5 2. Nc3 a6 3. g3 b5 4. Bg2 Bb7 5. d3 e6 6. f4 d5 7. e5 h5 8. Qe2 Be7 9. h3 Nc6 10. Nf3 Nh6 11. 0-0 Nf5 12. Qf2 Qc7 13. Bd2 Rd8 14. Nd1 d4 15. a4 b4 16. b3 Na5 17. Kh2 Kd7 18. Qe1 Rdg8 19. Nf2 Bxf3 20. Bxf3 g5 21. Be4 gxf4 22. Bxf4 Ne3 23. Bxe3 dxe3 24. Qxe3 Qxe5 25. d4 cxd4 26. Rad1 Bd6 27. Rxd4 Ke7 28. Rxd6 Qxd6 29. Rd1 Qc7 30. Kg2 Rg7 31. Rd4 Rhg8 32. Nh1 Qa7 33. Qd2 Qc5 34. Rd7+ Ke8 35. Rd8+ Ke7 36. Rd7+ Ke8 37. Rd8+ 1/2-1/2

[Event "POL-chT 2nd League"]
[Site "Wysowa"]
[Date "2003.09.12"]
[Round "9"]
[White "Chmielinska, Alicja"]
[Black "Pazdziora, Michal"]
[Result "1/2-1/2"]
[WhiteElo "2069"]
[BlackElo "2046"]
[PlyCount "101"]
[EventDate "2003.09.06"]
[EventType "team-swiss"]
[EventRounds "11"]
[EventCountry "POL"]
[SourceTitle "CBM 096 Extra"]
[Source "ChessBase"]
[SourceDate "2003.10.22"]
[SourceVersion "2"]
[SourceVersionDate "2003.10.20"]
[SourceQuality "1"]
[WhiteTeam "Rybnik MKSz"]
[BlackTeam "Dankowice Pasjonat"]
[WhiteTeamCountry "POL"]
[BlackTeamCountry "POL"]

1. e4 c5 2. Nf3 e6 3. d4 cxd4 4. Nxd4 Nf6 5. Nc3 Nc6 6. Ndb5 Bb4 7. a3 Bxc3+ 8. Nxc3 d5 9. exd5 exd5 10. Bd3 0-0 11. 0-0 d4 12. Ne2 Bg4 13. Bg5 Qd6 14. Qd2 Rfe8 15. f3 Bh5 16. Rfe1 Bg6 17. Rad1 Rad8 18. Bxg6 hxg6 19. Bh4 Rd7 20. Qd3 Re3 21. Qc4 Rde7 22. Bf2 Na5 23. Qxd4 Qxd4 24. Nxd4 Rxe1+ 25. Rxe1 Rxe1+ 26. Bxe1 Nc4 27. b3 Ne5 28. c4 a6 29. Bc3 Ned7 30. Kf2 Kf8 31. Bb4+ Ke8 32. Bd6 Nb6 33. Ke3 Kd7 34. Bf8 Ne8 35. Kd3 Kc7 36. b4 Nd7 37. Be7 Ne5+ 38. Kc3 Kd7 39. Bh4 Nd6 40. c5 Nb5+ 41. Nxb5 axb5 42. Kb3 Kc6 43. Be7 Nc4 44. Bf8 Ne3 45. g3 Nf1 46. Bxg7 Nxh2 47. f4 f5 48. Bc3 Nf1 49. Be1 Ne3 50. Bd2 Nf1 51. Be1 1/2-1/2

[Event "POL-chT 2nd League"]
[Site "Wysowa"]
[Date "2003.09.11"]
[Round "8"]
[White "Chmielinska, Alicja"]
[Black "Sciborowski, Miroslaw"]
[Result "1-0"]
[WhiteElo "2069"]
[BlackElo "2153"]
[PlyCount "85"]
[EventDate "2003.09.06"]
[EventType "team-swiss"]
[EventRounds "11"]
[EventCountry "POL"]
[SourceTitle "CBM 096 Extra"]
[Source "ChessBase"]
[SourceDate "2003.10.22"]
[SourceVersion "2"]
[SourceVersionDate "2003.10.20"]
[SourceQuality "1"]
[WhiteTeam "Rybnik MKSz"]
[BlackTeam "Znin Baszta"]
[WhiteTeamCountry "POL"]
[BlackTeamCountry "POL"]

1. e4 d5 2. exd5 Qxd5 3. Nc3 Qa5 4. d4 Nf6 5. Nf3 c6 6. Bc4 Bf5 7. Bd2 e6 8. Qe2 Qb6 9. 0-0-0 Nbd7 10. Ne5 Qxd4 11. Nxd7 Nxd7 12. Bg5 Qg4 13. Qd2 e5 14. f4 Bb4 15. h3 Qg3 16. Rde1 Bc5 17. Rhf1 h6 18. Rf3 Qxf3 19. gxf3 hxg5 20. fxe5 Kf8 21. Qxg5 g6 22. Ne4 Rh5 23. Qf4 Be7 24. e6 Nb6 25. Bb3 Nd5 26. Qe5 Bxe6 27. Qd4 Rh4 28. Qf2 Rxh3 29. Qd4 Rh4 30. Qf2 Rh3 31. Qd2 Rh5 32. Kb1 Rd8 33. Qg2 Kg7 34. Qg1 Rdh8 35. Qd4+ Kf8 36. a3 b6 37. Qa4 Rf5 38. Qxc6 Rh3 39. Qa8+ Kg7 40. Qxa7 Bh4 41. Rd1 Rhxf3 42. Nd6 Re5 43. Qb7 1-0

[Event "POL-chT 2nd League"]
[Site "Wysowa"]
[Date "2003.09.10"]
[Round "6"]
[White "Chmielinska, Alicja"]
[Black "Flasinski, Michal"]
[Result "1/2-1/2"]
[WhiteElo "2069"]
[BlackElo "2188"]
[PlyCount "40"]
[EventDate "2003.09.06"]
[EventType "team-swiss"]
[EventRounds "11"]
[EventCountry "POL"]
[SourceTitle "CBM 096 Extra"]
[Source "ChessBase"]
[SourceDate "2003.10.22"]
[SourceVersion "2"]
[SourceVersionDate "2003.10.20"]
[SourceQuality "1"]
[WhiteTeam "Rybnik MKSz"]
[BlackTeam "Gliwice Politechnika Slaska"]
[WhiteTeamCountry "POL"]
[BlackTeamCountry "POL"]

1. e4 c5 2. Nf3 e6 3. d4 cxd4 4. Nxd4 Nf6 5. Nc3 Nc6 6. g3 Bb4 7. Bg2 d5 8. exd5 exd5 9. 0-0 0-0 10. Bg5 Be6 11. Re1 h6 12. Bf4 Re8 13. Qd3 Qd7 14. a3 Bd6 15. Bxd6 Qxd6 16. Nxe6 fxe6 17. Rad1 Rad8 18. Ne4 Qe7 19. Nxf6+ Qxf6 20. c3 b6 1/2-1/2

[Event "POL-chT 2nd League"]
[Site "Wysowa"]
[Date "2003.09.07"]
[Round "3"]
[White "Chmielinska, Alicja"]
[Black "Wolodko, Adam"]
[Result "1-0"]
[WhiteElo "2069"]
[BlackElo "2008"]
[PlyCount "97"]
[EventDate "2003.09.06"]
[EventType "team-swiss"]
[EventRounds "11"]
[EventCountry "POL"]
[SourceTitle "CBM 096 Extra"]
[Source "ChessBase"]
[SourceDate "2003.10.22"]
[SourceVersion "2"]
[SourceVersionDate "2003.10.20"]
[SourceQuality "1"]
[WhiteTeam "Rybnik MKSz"]
[BlackTeam "Ostroda Kormoran"]
[WhiteTeamCountry "POL"]
[BlackTeamCountry "POL"]

1. e4 Nc6 2. Nf3 d6 3. d4 Nf6 4. Nc3 Bg4 5. Be2 e6 6. 0-0 Be7 7. Be3 0-0 8. d5 exd5 9. exd5 Bxf3 10. Bxf3 Ne5 11. Be2 a6 12. f4 Ng6 13. g3 Qd7 14. Bf3 c5 15. dxc6 bxc6 16. Ne2 Rab8 17. Rb1 d5 18. c4 Qe6 19. Qc1 Rfc8 20. f5 Qxf5 21. Bxd5 Qe5 22. Bf3 Bc5 23. Bxc5 Qxc5+ 24. Kh1 Ne5 25. Qf4 Re8 26. b3 Nxf3 27. Qxf3 Re3 28. Qf2 Rbe8 29. Nf4 Qe5 30. Qb2 Qe4+ 31. Qg2 Qxg2+ 32. Kxg2 h6 33. Rbd1 g5 34. Nd3 Ng4 35. Rd2 a5 36. h3 Ne5 37. Nxe5 R3xe5 38. Rd7 R8e7 39. Rxe7 Rxe7 40. Rf2 Kg7 41. g4 Re5 42. Rd2 Re6 43. Kf3 Kg6 44. Rd8 Re1 45. Ra8 Re5 46. Ra6 Rc5 47. Ke4 h5 48. Kd4 hxg4 49. hxg4 1-0

[Event "POL-chT U19 33rd"]
[Site "Laczna"]
[Date "2002.07.23"]
[Round "11"]
[White "Chmielinska, Alicja"]
[Black "Staszewska, Anna"]
[Result "1/2-1/2"]
[WhiteElo "2032"]
[BlackElo "2058"]
[PlyCount "68"]
[EventDate "2002.07.15"]
[EventType "team-tourn"]
[EventRounds "11"]
[EventCountry "POL"]
[SourceTitle "CBM 089 Extra"]
[Source "ChessBase"]
[SourceDate "2002.09.10"]
[SourceVersion "2"]
[SourceVersionDate "2002.09.10"]
[SourceQuality "1"]
[WhiteTeam "Rybnik MKSz U19"]
[BlackTeam "Plock PTSz U19"]
[WhiteTeamCountry "POL"]
[BlackTeamCountry "POL"]

1. e4 e5 2. Nf3 Nc6 3. Nc3 Nf6 4. d4 exd4 5. Nxd4 Bb4 6. Nxc6 bxc6 7. Bd3 0-0 8. 0-0 d5 9. exd5 cxd5 10. Bg5 c6 11. Na4 Qd6 12. Bh4 Bg4 13. f3 Bh5 14. c4 Bg6 15. Rc1 Rad8 16. Bxg6 hxg6 17. cxd5 cxd5 18. Qd4 Qe7 19. a3 Bd6 20. Rfe1 Qd7 21. Nc5 Bxc5 22. Rxc5 Qf5 23. Rc6 Rfe8 24. Rec1 g5 25. Bg3 Re2 26. b4 Rde8 27. Qxa7 Qd3 28. Bf2 Qd2 29. h3 g4 30. hxg4 Re1+ 31. Rxe1 Rxe1+ 32. Bxe1 Qxe1+ 33. Kh2 Qh4+ 34. Kg1 Qe1+ 1/2-1/2

[Event "POL-chT U19 33rd"]
[Site "Laczna"]
[Date "2002.07.18"]
[Round "6"]
[White "Zawadzka, Jolanta"]
[Black "Chmielinska, Alicja"]
[Result "1-0"]
[WhiteElo "2259"]
[BlackElo "2032"]
[PlyCount "63"]
[EventDate "2002.07.15"]
[EventType "team-tourn"]
[EventRounds "11"]
[EventCountry "POL"]
[SourceTitle "CBM 089 Extra"]
[Source "ChessBase"]
[SourceDate "2002.09.10"]
[SourceVersion "2"]
[SourceVersionDate "2002.09.10"]
[SourceQuality "1"]
[WhiteTeam "Wroclaw Srodmiescie U19"]
[BlackTeam "Rybnik MKSz U19"]
[WhiteTeamCountry "POL"]
[BlackTeamCountry "POL"]

1. e4 e5 2. Nf3 Nc6 3. d4 exd4 4. Nxd4 Nf6 5. Nxc6 bxc6 6. e5 Qe7 7. Qe2 Nd5 8. c4 Ba6 9. g3 g6 10. b3 Bg7 11. Bb2 Nb6 12. Bg2 0-0 13. 0-0 d5 14. Re1 Rfe8 15. Qd2 Rad8 16. Qa5 Bxc4 17. Nd2 Bd3 18. Rac1 Qd7 19. Qc3 Bf5 20. Qxc6 Qxc6 21. Rxc6 Rd7 22. a4 Bf8 23. Nf3 Be4 24. a5 Nc8 25. Bh3 Rdd8 26. Ng5 Bb4 27. Rd1 Ne7 28. Rf6 Bc2 29. e6 Bxd1 30. exf7+ Kg7 31. Ne6+ Kh6 32. Bc1+ 1-0

[Event "POL-chT U19 33rd"]
[Site "Laczna"]
[Date "2002.07.16"]
[Round "2"]
[White "Chmielinska, Alicja"]
[Black "Worek, Joanna"]
[Result "1-0"]
[WhiteElo "2032"]
[BlackElo "2251"]
[PlyCount "103"]
[EventDate "2002.07.15"]
[EventType "team-tourn"]
[EventRounds "11"]
[EventCountry "POL"]
[SourceTitle "CBM 089 Extra"]
[Source "ChessBase"]
[SourceDate "2002.09.10"]
[SourceVersion "2"]
[SourceVersionDate "2002.09.10"]
[SourceQuality "1"]
[WhiteTeam "Rybnik MKSz U19"]
[BlackTeam "Krakow Korona U19"]
[WhiteTeamCountry "POL"]
[BlackTeamCountry "POL"]

1. e4 c5 2. Nf3 d6 3. d4 cxd4 4. Nxd4 Nf6 5. Nc3 a6 6. Be3 e5 7. Nb3 Be6 8. f4 Ng4 9. Bd2 exf4 10. Bxf4 Nc6 11. Qd2 Nce5 12. Nd4 Be7 13. h3 Nf6 14. 0-0-0 Rc8 15. g4 b5 16. Nxe6 fxe6 17. Bxe5 dxe5 18. g5 Qxd2+ 19. Rxd2 b4 20. gxf6 bxc3 21. f7+ Kxf7 22. Rf2+ Bf6 23. Bxa6 Ra8 24. Bc4 Ra4 25. Bb3 cxb2+ 26. Kxb2 Rxe4 27. Rd1 Ke7 28. Rfd2 Rd4 29. c3 Rxd2+ 30. Rxd2 Rc8 31. Rd3 Rc5 32. Ba4 Bg5 33. Rd7+ Kf6 34. Rd6 e4 35. Bd1 Bf4 36. Rd4 Re5 37. Be2 Be3 38. Rd6 Bc5 39. Rc6 h5 40. a4 Kg5 41. Rc7 Kf4 42. Rxg7 Bf2 43. Kc2 Ke3 44. Bb5 Kf3 45. Rf7+ Rf5 46. Re7 e5 47. Kd1 Rg5 48. a5 Rg1+ 49. Kc2 Rg2 50. Rf7+ Ke3 51. a6 Rg1 52. a7 1-0

[Event "POL-ch U20 Girls"]
[Site "Trzebinia"]
[Date "2002.04.20"]
[Round "11"]
[White "Matras Clement, Agnieszka"]
[Black "Chmielinska, Alicja"]
[Result "1-0"]
[WhiteElo "2218"]
[BlackElo "2071"]
[PlyCount "55"]
[EventDate "2002.04.12"]
[EventType "tourn"]
[EventRounds "11"]
[EventCountry "POL"]
[SourceTitle "CBM 087 Extra"]
[Source "ChessBase"]
[SourceDate "2002.05.03"]
[SourceVersion "2"]
[SourceVersionDate "2002.08.09"]
[SourceQuality "1"]

1. e4 e5 2. Nc3 Nf6 3. f4 d5 4. fxe5 Nxe4 5. Nf3 Be7 6. Qe2 Nxc3 7. dxc3 0-0 8. Bf4 Be6 9. Qf2 Nd7 10. Qg3 Re8 11. Bd3 Nf8 12. 0-0 Ng6 13. Bg5 Bxg5 14. Nxg5 c5 15. h4 Rc8 16. Nxe6 fxe6 17. Bxg6 hxg6 18. Qxg6 Qe7 19. h5 Rf8 20. h6 Kh8 21. hxg7+ Qxg7 22. Qxe6 Rfe8 23. Qh3+ Kg8 24. Rf3 Rc6 25. Raf1 Rxe5 26. Rf8+ Qxf8 27. Rxf8+ Kxf8 28. Qh8+ 1-0

[Event "POL-ch U18 Girls"]
[Site "Bartkowa"]
[Date "2002.??.??"]
[Round "?"]
[White "Chmielinska, Alicja"]
[Black "Cagara, Paulina"]
[Result "0-1"]
[WhiteElo "2081"]
[BlackElo "2035"]
[PlyCount "178"]
[EventDate "2002.01.??"]
[EventType "swiss"]
[EventRounds "10"]
[EventCountry "POL"]
[SourceTitle "EXT 2005"]
[Source "ChessBase"]
[SourceDate "2004.11.15"]
[SourceVersion "1"]
[SourceVersionDate "2004.11.15"]
[SourceQuality "1"]

1. e4 c6 2. Nc3 d5 3. Nf3 Bg4 4. h3 Bxf3 5. Qxf3 e6 6. g3 Nd7 7. Bg2 Ngf6 8. 0-0 Be7 9. d3 0-0 10. Qe2 dxe4 11. Nxe4 Nxe4 12. Qxe4 Nf6 13. Qe2 Qc7 14. d4 Rfd8 15. c3 Rac8 16. Bf4 Bd6 17. Bg5 Be7 18. Rad1 Nd5 19. Bc1 Bf6 20. f4 b5 21. Kh1 a6 22. g4 Re8 23. Qf3 g6 24. f5 exf5 25. gxf5 Bg7 26. Bg5 h6 27. fxg6 fxg6 28. Bd2 Rf8 29. Qg4 Qd6 30. Be4 g5 31. Bd3 Nf6 32. Qf5 Qd5+ 33. Qxd5+ Nxd5 34. Rde1 Rxf1+ 35. Rxf1 Re8 36. Kg2 Bf6 37. Rf2 Kg7 38. Bf5 Re7 39. Kf3 a5 40. Rg2 Kf8 41. Rg4 Bg7 42. Bd3 Rf7+ 43. Ke2 Nf6 44. Rg3 Re7+ 45. Re3 Rxe3+ 46. Kxe3 Ke7 47. Bf5 Kd6 48. Be1 Nd5+ 49. Ke4 Nf6+ 50. Kd3 Nh5 51. Bg4 Nf6 52. Bg3+ Ke7 53. Bf5 Nd5 54. Ke4 Nf6+ 55. Ke3 Nd5+ 56. Kd3 Bh8 57. Bc8 Nb6 58. Bg4 Nd5 59. Be5 Bxe5 60. dxe5 h5 61. Bf5 Nf4+ 62. Kd4 Ne6+ 63. Ke4 Nc5+ 64. Ke3 Ne6 65. Kf3 Kf7 66. Kg3 Ke7 67. Be4 Nd8 68. Kf3 Ke6 69. Bg6 g4+ 70. hxg4 hxg4+ 71. Kxg4 Kxe5 72. Kf3 Kd5 73. Ke3 Kc5 74. Ke4 Ne6 75. Ke5 Nc7 76. Be4 Nd5 77. Ke6 a4 78. Bf3 a3 79. bxa3 Nxc3 80. Kd7 Nd5 81. Ke6 Nb6 82. Bg2 Nc4 83. Kd7 Ne5+ 84. Ke6 Kd4 85. Bf1 Nc4 86. Kd7 c5 87. Kc6 Nxa3 88. Kb6 c4 89. Ka5 c3 0-1

[Event "POL-ch U18 Girls"]
[Site "Bartkowa"]
[Date "2002.??.??"]
[Round "?"]
[White "Chmielinska, Alicja"]
[Black "Pokojska, Daria"]
[Result "0-1"]
[WhiteElo "2081"]
[BlackElo "2029"]
[PlyCount "106"]
[EventDate "2002.01.??"]
[EventType "swiss"]
[EventRounds "10"]
[EventCountry "POL"]
[SourceTitle "EXT 2005"]
[Source "ChessBase"]
[SourceDate "2004.11.15"]
[SourceVersion "1"]
[SourceVersionDate "2004.11.15"]
[SourceQuality "1"]

1. e4 c5 2. Nf3 Nc6 3. d4 cxd4 4. Nxd4 e5 5. Nb5 d6 6. N1c3 a6 7. Na3 b5 8. Nd5 Nce7 9. c4 Nxd5 10. exd5 Nf6 11. Be3 Be7 12. Be2 0-0 13. 0-0 Bb7 14. Qd2 Ne4 15. Qd3 f5 16. f3 Nc5 17. Qd2 f4 18. Bf2 Bh4 19. Bd3 Bxf2+ 20. Rxf2 b4 21. Nc2 a5 22. Ne1 Bc8 23. Rc1 Qg5 24. Be4 Bf5 25. Qc2 Bxe4 26. fxe4 Qg6 27. Nf3 Qxe4 28. Qxe4 Nxe4 29. Re2 Nc5 30. Nd2 Rac8 31. Ne4 Nxe4 32. Rxe4 Rc5 33. b3 Kf7 34. Kf2 Kf6 35. Kf3 g5 36. Ree1 a4 37. h3 axb3 38. axb3 Ra8 39. Ra1 Rca5 40. Rxa5 Rxa5 41. Re2 Ra3 42. Rb2 Ra1 43. Rd2 Rf1+ 44. Ke2 Rc1 45. Ra2 e4 46. Ra4 Rc2+ 47. Kf1 e3 48. Rxb4 Rc1+ 49. Ke2 Rg1 50. Kf3 Rf1+ 51. Ke2 Rf2+ 52. Ke1 Rxg2 53. Rb8 Ke5 0-1

[Event "POL-chT 58th 2nd League"]
[Site "Wisla"]
[Date "2002.??.??"]
[Round "?"]
[White "Czekalski, Adam"]
[Black "Chmielinska, Alicja"]
[Result "1/2-1/2"]
[WhiteElo "2138"]
[BlackElo "2081"]
[PlyCount "40"]
[EventDate "2002.08.30"]
[EventType "team-swiss"]
[EventRounds "11"]
[EventCountry "POL"]
[SourceTitle "EXT 2019"]
[Source "ChessBase"]
[SourceDate "2018.10.10"]
[SourceVersion "1"]
[SourceVersionDate "2018.10.10"]
[SourceQuality "1"]
[BlackTeam "Rybnik MKSz"]
[BlackTeamCountry "POL"]

1. d4 f5 2. c4 Nf6 3. Nc3 g6 4. g3 Bg7 5. Bg2 0-0 6. Nf3 d6 7. 0-0 Qe8 8. Re1 Qf7 9. b3 Ne4 10. Bb2 c6 11. e3 Nd7 12. Nd2 Nxc3 13. Bxc3 e5 14. Rc1 g5 15. Bb4 Qg6 16. dxe5 Nxe5 17. Nf3 Nxf3+ 18. Bxf3 Be5 19. Bg2 g4 20. Bc3 Be6 1/2-1/2

[Event "POL-chT 58th 2nd League"]
[Site "Wisla"]
[Date "2002.??.??"]
[Round "6"]
[White "Paszek, Krzysztof"]
[Black "Chmielinska, Alicja"]
[Result "1/2-1/2"]
[WhiteElo "2110"]
[BlackElo "2081"]
[PlyCount "40"]
[EventDate "2002.08.30"]
[EventType "team-swiss"]
[EventRounds "11"]
[EventCountry "POL"]
[SourceTitle "EXT 2019"]
[Source "ChessBase"]
[SourceDate "2018.10.10"]
[SourceVersion "1"]
[SourceVersionDate "2018.10.10"]
[SourceQuality "1"]
[WhiteTeam "Torun Torfarm 64"]
[BlackTeam "Rybnik MKSz"]
[WhiteTeamCountry "POL"]
[BlackTeamCountry "POL"]

1. e4 e5 2. Nf3 Nc6 3. Bb5 a6 4. Ba4 Nf6 5. 0-0 Be7 6. Re1 b5 7. Bb3 0-0 8. h3 d6 9. c3 Na5 10. Bc2 c5 11. d4 Qc7 12. Nbd2 Re8 13. Nf1 h6 14. Ng3 Bf8 15. d5 c4 16. b4 cxb3 17. axb3 Nb7 18. Bd2 Nc5 19. Nh2 Bd7 20. f4 a5 1/2-1/2

[Event "POL-chT3"]
[Site "Poland"]
[Date "2002.??.??"]
[Round "?"]
[White "Wojciechowski, Adam"]
[Black "Chmielinska, Alicja"]
[Result "1-0"]
[WhiteElo "2169"]
[BlackElo "2081"]
[PlyCount "75"]
[EventDate "2002.??.??"]
[EventType "team"]
[EventRounds "9"]
[EventCountry "POL"]
[SourceTitle "EXT 2006"]
[Source "ChessBase"]
[SourceDate "2005.11.24"]
[SourceVersion "1"]
[SourceVersionDate "2005.11.24"]
[SourceQuality "1"]

1. e4 e5 2. Nf3 Nc6 3. Nc3 Nf6 4. d4 exd4 5. Nxd4 Bb4 6. Nxc6 bxc6 7. Bd3 0-0 8. 0-0 d5 9. exd5 cxd5 10. Bg5 c6 11. Qf3 Bd6 12. Rfe1 Rb8 13. Nd1 Be6 14. b3 Bc7 15. Ne3 Qd6 16. g3 Bh3 17. Nf5 Bg4 18. Qg2 Bxf5 19. Bxf5 h6 20. Bd2 Rfe8 21. Bf4 Qd8 22. Rxe8+ Nxe8 23. Qf3 Nd6 24. Bd3 Qf6 25. Qg4 Rd8 26. Re1 Ne8 27. Qd7 Kf8 28. Rxe8+ Rxe8 29. Qxc7 a5 30. Qxa5 g5 31. Qc5+ Kg8 32. Be3 g4 33. Qd4 Qf3 34. Qf4 Qd1+ 35. Kg2 Re6 36. Qb8+ Kg7 37. Bd4+ f6 38. Qc7+ 1-0

[Event "POL-chT2 South"]
[Site "Ustron"]
[Date "2001.09.??"]
[Round "?"]
[White "Chmielinska, Alicja"]
[Black "Matras Clement, Agnieszka"]
[Result "0-1"]
[WhiteElo "2055"]
[BlackElo "2218"]
[PlyCount "61"]
[EventDate "2001.09.14"]
[EventType "team-swiss"]
[EventRounds "10"]
[EventCountry "POL"]
[SourceTitle "EXT 2019"]
[Source "ChessBase"]
[SourceDate "2018.10.10"]
[SourceVersion "1"]
[SourceVersionDate "2018.10.10"]
[SourceQuality "1"]

1. e4 e5 2. Nf3 Nc6 3. Bc4 Nf6 4. d3 Bc5 5. Nbd2 d6 6. c3 a6 7. Bb3 0-0 8. h3 Ba7 9. Nf1 d5 10. Qe2 Be6 11. Ng3 dxe4 12. dxe4 h6 13. 0-0 Qc8 14. Be3 Bxe3 15. fxe3 Bxb3 16. axb3 Qe6 17. b4 Ne7 18. Nh4 Rad8 19. Nhf5 Nxf5 20. exf5 Qb6 21. Kh1 Rd6 22. Ra5 Rfd8 23. Rxe5 Rd2 24. Qf3 Qd6 25. Rc5 Rxb2 26. e4 Qd2 27. e5 Rd3 28. Ne4 Nxe4 29. Qxe4 Rxh3+ 30. Kg1 Rg3 31. Rd5 0-1

[Event "POL-chT2 South"]
[Site "Ustron"]
[Date "2001.09.??"]
[Round "?"]
[White "Chmielinska, Alicja"]
[Black "Toma, Katarzyna"]
[Result "1-0"]
[WhiteElo "2055"]
[BlackElo "2181"]
[PlyCount "69"]
[EventDate "2001.09.14"]
[EventType "team-swiss"]
[EventRounds "10"]
[EventCountry "POL"]
[SourceTitle "EXT 2019"]
[Source "ChessBase"]
[SourceDate "2018.10.10"]
[SourceVersion "1"]
[SourceVersionDate "2018.10.10"]
[SourceQuality "1"]

1. e4 c5 2. Nc3 Nc6 3. f4 g6 4. Nf3 Bg7 5. Bb5 Nd4 6. a4 e6 7. 0-0 Ne7 8. e5 a6 9. Bd3 Nxf3+ 10. Qxf3 d5 11. b3 0-0 12. Ba3 Qc7 13. Qf2 b6 14. a5 b5 15. Qxc5 Qxc5+ 16. Bxc5 Re8 17. Nxb5 axb5 18. Bxb5 Ba6 19. Bxe8 Bxf1 20. Kxf1 Rxe8 21. a6 Bf8 22. b4 Nc6 23. Bxf8 Kxf8 24. b5 Na7 25. b6 Ra8 26. bxa7 Rxa7 27. Ke2 Ke7 28. d3 Kd7 29. c4 Kc6 30. Kd2 dxc4 31. dxc4 Kb6 32. Kc3 Rxa6 33. c5+ Kb5 34. Rxa6 Kxa6 35. Kb4 1-0

[Event "POL-chT2 South"]
[Site "Ustron"]
[Date "2001.09.??"]
[Round "?"]
[White "Janiszyn, Elzbieta"]
[Black "Chmielinska, Alicja"]
[Result "0-1"]
[WhiteElo "2007"]
[BlackElo "2055"]
[PlyCount "96"]
[EventDate "2001.09.14"]
[EventType "team-swiss"]
[EventRounds "10"]
[EventCountry "POL"]
[SourceTitle "EXT 2019"]
[Source "ChessBase"]
[SourceDate "2018.10.10"]
[SourceVersion "1"]
[SourceVersionDate "2018.10.10"]
[SourceQuality "1"]

1. d4 f5 2. g3 Nf6 3. Bg2 g6 4. Nh3 Bg7 5. c3 d5 6. Nf4 c6 7. h4 e5 8. dxe5 Ng4 9. e6 Qd6 10. Nd2 Na6 11. Nc4 Qc5 12. Ne3 Ne5 13. h5 Nc7 14. h6 Bf6 15. Qb3 Qe7 16. Nc2 Nxe6 17. Nxe6 Bxe6 18. Nd4 Bf7 19. Qc2 0-0 20. Bf4 Rfe8 21. 0-0-0 c5 22. Bxe5 Qxe5 23. Nb3 Rac8 24. e3 b6 25. Qd2 Red8 26. Kb1 a5 27. Nc1 Qe6 28. Ne2 d4 29. b3 dxc3 30. Qc2 Qe5 31. Kc1 Rd2 32. Rxd2 cxd2+ 33. Kxd2 a4 34. Nc1 c4 35. f4 Qc5 36. bxa4 Rd8+ 37. Ke2 Re8 38. e4 fxe4 39. Re1 c3 40. Bxe4 Qh5+ 41. Kf1 Qh3+ 42. Qg2 Bc4+ 43. Kf2 Bd4+ 44. Kf3 Qxg2+ 45. Kxg2 Rxe4 46. Rxe4 Bd5 47. Kf3 c2 48. Nd3 Bb2 0-1